| 000 | 00390nam a2200145 i 4500 | ||
|---|---|---|---|
| 001 | 72147 | ||
| 003 | ES-MaACL | ||
| 007 | t| | ||
| 008 | 040826s1967 xxk ||||1| eng d | ||
| 100 | 1 |
_aGili, Joan. _956935 |
|
| 245 | 1 | 0 |
_aIntroductory catalan grammar / _cby Joan Gili. |
| 260 |
_aOxford : _bThe Dolphin Book, _c1967. |
||
| 300 |
_a251 p. ; _c22 cm. |
||
| 852 |
_aES-MaACL _jG-5063 _bR.62000 |
||
| 999 |
_c72147 _d72147 |
||